000
00266nam a22001217a 4500
008
181030b xxu||||| |||| 00| 0 eng d
041
_a
eng
080
_a
591
100
_a
7
101
_a
ZOO
245
_a
Basic Clinical Parasitology
_c
Brown, H.W
942
_2
udc
_c
BK
999
_c
51191
_d
51191